Rural Dynamics and Development (Record no. 521380)
[ view plain ]
| 000 -LEADER | |
|---|---|
| fixed length control field | 00242nam a22000977a 4500 |
| 082 ## - DEWEY DECIMAL CLASSIFICATION NUMBER | |
| Classification number | TNC B136X54 R246 |
| 100 ## - MAIN ENTRY--PERSONAL NAME | |
| Personal name | Reddy, G Narayana |
| 9 (RLIN) | 35127 |
| 245 ## - TITLE STATEMENT | |
| Title | Rural Dynamics and Development |
| 260 ## - PUBLICATION, DISTRIBUTION, ETC. (IMPRINT) | |
| Place of publication, distribution, etc | Civil lines |
| Name of publisher, distributor, etc | Chugh |
| Date of publication, distribution, etc | 1986 |
| 300 ## - PHYSICAL DESCRIPTION | |
| Extent | 135p. |
| Withdrawn status | Lost status | Source of classification or shelving scheme | Damaged status | Koha normalized classification for sorting | Not for loan | Permanent location | Current location | Date acquired | Full call number | Barcode | Date last seen | Price effective from | Koha item type |
|---|---|---|---|---|---|---|---|---|---|---|---|---|---|
| TNC_B136X54_R246 | Indian Institute of Public Administration | Indian Institute of Public Administration | 2023-02-01 | TNC B136X54 R246 | GR23225 | 2023-02-01 | 2023-02-01 | GR |
